000 00253nam a22001097a 4500
082 _a684.08 GLE'C
100 _aGLENISTER, S. H
_944994
245 _aCONTEMPORARY DESIGN IN WOODWORK
250 _aVOL-1
260 _aUSA
_bJOHN MURRAY
_c1960
942 _cBK
999 _c582632
_d582632